01459nam a2200361Ia 4500001001200000003000800012006001900020007001500039008004100054010001700095020004000112020001800152020001800170040002100188035002100209050002500230082001500255245016600270260005300436300002300489490005700512504005100569533015200620650003900772650001700811655002900828700002300857700002700880700002800907710001700935856012600952999001901078ebr10597496CaPaEBRm u cr cn|||||||||050126s2005 gw a sb 001 0 eng d z 2005001780 z311018284X (hardcover : alk. paper) z9783110182842 z9783110909579 aCaPaEBRcCaPaEBR a(OCoLC)81140767314aP120.V37bP47 2005eb04a417/.722200aPerspectives on variationh[electronic resource] :bsociolinguistic, historical, comparative /cedited by Nicole Delbecque, Johan van der Auwera, Dirk Geeraerts. aBerlin ;aNew York :bMouton de Gruyter,cc2005. avi, 345 p. :bill.0 aTrends in linguistics. Studies and monographs ;v163 aIncludes bibliographical references and index. aElectronic reproduction.bPalo Alto, Calif. :cebrary,d2011.nAvailable via World Wide Web.nAccess may be limited to ebrary affiliated libraries. 0aLanguage and languagesxVariation. 0aLinguistics. 7aElectronic books.2local1 aDelbecque, Nicole.1 aAuwera, Johan van der.1 aGeeraerts, Dirk,d1955-2 aebrary, Inc.40uhttp://site.ebrary.com/lib/rucke/Doc?id=10597496zAn electronic book accessible through the World Wide Web; click to view c213084d213084